| 000 | 00376nam a2200121Ia 4500 | ||
|---|---|---|---|
| 005 | 20260328104256.0 | ||
| 008 | 260328s9999||||xx |||||||||||||| ||und|| | ||
| 100 | _aRivadeneira, Ricardo | ||
| 245 | 0 |
_aMacrocosmun carto-Graphica : _b el Arte de cartografía / _cRicardo Rivadeneira |
|
| 260 | _bUniversidad Nacional de Colombia | ||
| 650 | _aARQUITECTURA - CULTURA | ||
| 942 | _cBK | ||
| 999 |
_c10452 _d10452 |
||